Skip to content
VuFind
All Fields
Title
Author
Subject
Call Number
ISBN/ISSN
Tag
Find
Advanced
West asia on a shoesthing
Cite this
Print
Export Record
Export to RefWorks
Export to EndNoteWeb
Export to EndNote
Export to MARC
West asia on a shoesthing
Bibliographic Details
Format:
Book
Holdings
Description
Similar Items
Staff View
MARC
LEADER
00000cam a2200000 7i4500
001
0000008339
002
000009091
005
20000330.0
020
|a
0908086687
090
0
0
|a
915.04428
|b
WHE
245
1
0
|a
West asia on a shoesthing
999
|a
0007373
|b
BUKU
|c
PINJAMAN
|e
PERPUSTAKAAN KOMUNITI PETALING JAYA
Similar Items
West China panorama
by: Huang Wei
Published: (2002)
Asia
by: Juarez, Christine
Published: (2019)
Asia
by: Juarez, Christine
Published: (2019)
East meets west Singapore
by: Wilson, Dick
Published: (1975)
ESCAPE TO THE GREAT OUTDOORS OF West Malaysia
by: Bourke, William M
Published: (2000)